|
|
|
|
| LEADER |
00000nam0a2200000 4500 |
| 001 |
293981 |
| 005 |
20231102000639.0 |
| 020 |
|
|
|a RU
|b 84-27338
|
| 035 |
|
|
|a (RuTPU)RU\TPU\book\319031
|
| 090 |
|
|
|a 293981
|
| 100 |
|
|
|a 20150507d1984 km y0rusy5003 ca
|
| 101 |
0 |
|
|a rus
|
| 102 |
|
|
|a RU
|
| 105 |
|
|
|a y z 001zy
|
| 200 |
1 |
|
|a Диалектика и антидиалектика. (Критический анализ концепций советологов)
|f И. Т. Якушевский
|
| 210 |
|
|
|a Москва
|c Политиздат
|d 1984
|
| 215 |
|
|
|a 223 с.
|
| 225 |
1 |
|
|a Социальный прогресс и буржуазная философия
|
| 320 |
|
|
|a Библиография в ссылках.
|
| 606 |
1 |
|
|a Материалистическая диалектика
|2 stltpush
|3 (RuTPU)RU\TPU\subj\41246
|9 61051
|
| 606 |
1 |
|
|a Буржуазная идеология
|x Философия, современная
|x Критика
|2 stltpush
|3 (RuTPU)RU\TPU\subj\30425
|9 53535
|
| 610 |
1 |
|
|a марксистско-ленинская философия
|
| 610 |
1 |
|
|a буржуазная критика
|
| 610 |
1 |
|
|a советология
|
| 610 |
1 |
|
|a антикоммунистическое движение
|
| 610 |
1 |
|
|a фальсификация
|
| 610 |
1 |
|
|a критический анализ
|
| 610 |
1 |
|
|a интерпретация
|
| 610 |
1 |
|
|a теория
|
| 610 |
1 |
|
|a история
|
| 610 |
1 |
|
|a 20 век
|
| 686 |
|
|
|a Ю21
|2 rubbk
|
| 700 |
|
1 |
|a Якушевский
|b И. Т.
|g Игорь Титович
|4 070
|
| 801 |
|
0 |
|a RU
|b RuMRKP
|c 19950704
|g psbo
|
| 801 |
|
1 |
|a RU
|b 63413507
|c 20150507
|
| 801 |
|
2 |
|a RU
|b 63413507
|c 20190114
|g RCR
|
| 942 |
|
|
|c BK
|